| 000 | 00364nam a2200145Ia 4500 | ||
|---|---|---|---|
| 008 | 210210b1979 xxu||||| |||| 00| 0 eng d | ||
| 082 | _a823.0876 ASIS | ||
| 100 | _aASIMOV (Issac). | ||
| 245 | _aStars in their courses. | ||
| 260 |
_aN Y _bGranada Publishing _c1979 |
||
| 300 | _a222 | ||
| 650 | _aAsimov Stars | ||
| 690 | _aScience Fiction | ||
| 906 | _aSG01868 | ||
| 999 |
_c113322 _d113322 |
||